Regional salary differentials increase the higher up the tree you go (Record no. 78072)

MARC details
000 -LEADER
fixed length control field 00708cab a2200181 4500
001 - CONTROL NUMBER
control field L135945
008 - FIXED-LENGTH DATA ELEMENTS--GENERAL INFORMATION
fixed length control field 061219n 000 0 eng u
035 ## - SYSTEM CONTROL NUMBER
System control number (Sirsi) u135945
041 0# - LANGUAGE CODE
Language code of text/sound track or separate title eng
100 1# - MAIN ENTRY--PERSONAL NAME
Personal name Slavid, Ruth
245 00 - TITLE STATEMENT
Title Regional salary differentials increase the higher up the tree you go
490 #0 - SERIES STATEMENT
Series statement Architects' Journal
Volume/sequential designation 20 (224) 30 November 2006, 38-39(2)
520 ## - SUMMARY, ETC.
Summary, etc. A UK-based architecture salary survey giving an indication of how one salary differs from another by job profile and whereabouts in the country it is located.
650 24 - SUBJECT ADDED ENTRY--TOPICAL TERM
Topical term or geographic name entry element ARCHITECTS' JOURNAL SALARY SURVEY
651 #4 - SUBJECT ADDED ENTRY--GEOGRAPHIC NAME
Geographic name United Kingdom
Chronological subdivision
690 ## - LOCAL SUBJECT ADDED ENTRY--TOPICAL TERM (OCLC, RLIN)
Topical term or geographic name as entry element MANAGEMENT-BUSINESS MANAGEMENT-PROFESSIONAL PRACTICE
942 ## - ADDED ENTRY ELEMENTS (KOHA)
Suppress in OPAC 0
Holdings
Withdrawn status Lost status Source of classification or shelving scheme Damaged status Not for loan Home library Current library Shelving location Date acquired Total Checkouts Full call number Barcode Date last seen Copy number Price effective from Koha item type
    Dewey Decimal Classification     London London Journal article 19/12/2006   L135945 135945-1001 06/08/2019 1 06/08/2019 Journal article